[Event "Olympiad Women-45"]
[White "Paunescu, Aida"]
[Black "Chung Hurtado, Yaleika"]
[Site "Budapest"]
[Round "11.2"]
[Result "0-1"]
[Date "2024.09.22"]
[WhiteElo "1603"]
[BlackElo "1832"]
[PlyCount "154"]
[EventDate "2024.09.11"]
[EventType "team-swiss"]
[EventRounds "11"]
[EventCountry "HUN"]
[SourceTitle "EXT 2025"]
[Source "ChessBase"]
[SourceDate "2024.10.14"]
[SourceVersion "1"]
[SourceVersionDate "2024.10.14"]
[SourceQuality "1"]
[WhiteTeam "Cyprus (W)"]
[BlackTeam "Panama (W)"]
[WhiteTeamCountry "CYP"]
[BlackTeamCountry "PAN"]

1. e4 c6 2. d4 d5 3. exd5 cxd5 4. Bd3 Nc6 5. c3 Nf6 6. Bf4 Bg4 7. Qb3 Qd7 8. Nd2 a6 9. Ngf3 e6 10. 0-0 Be7 11. Rae1 0-0 12. Ne5 Nxe5 13. Bxe5 Bh5 14. f4 Bg6 15. Qc2 Bxd3 16. Qxd3 Ne4 17. Bxg7 Kxg7 18. Nxe4 dxe4 19. Qxe4 Bf6 20. Re3 Qd5 21. Rg3+ Kh8 22. Qc2 Qf5 23. Qxf5 exf5 24. Re3 Rac8 25. Rd1 Rfd8 26. Kf2 Rc6 27. d5 Rc4 28. Kf3 Kg7 29. Rdd3 b5 30. Re2 Rc5 31. Red2 Rd6 32. a3 Kf8 33. g3 Ke8 34. Ke2 a5 35. Kd1 Kd7 36. Kc2 b4 37. axb4 axb4 38. Kb3 bxc3 39. bxc3 Rb6+ 40. Kc2 Kd6 41. Rd1 Rb7 42. R1d2 Rbc7 43. Kb3 Rxc3+ 44. Rxc3 Rxc3+ 45. Kb4 Rc5 46. Kb3 Rxd5 47. Re2 Kd7 48. Kc4 Rd1 49. Kc5 Be7+ 50. Kc4 Bd6 51. Kc3 Bc7 52. Kc4 Rd6 53. Kc5 Bb6+ 54. Kc4 f6 55. Kb5 Bd8 56. Kc5 Be7 57. Kc4 Rd1 58. Kc3 Ke8 59. Kc2 Rd5 60. Kc3 Kf7 61. Kc4 Rd1 62. Kc3 h5 63. h4 Rf1 64. Re3 Rf2 65. Kc4 Ra2 66. Kd5 Ra3 67. Rxa3 Bxa3 68. Kc4 Ke6 69. Kd4 Bb4 70. Ke3 Kd5 71. Kf3 Kd4 72. Ke2 Ke4 73. Kf2 Bc5+ 74. Kg2 Ke3 75. Kg1 Kf3+ 76. Kh2 Bf2 77. Kh3 Be1 0-1

[Event "Olympiad Women-45"]
[White "Georgina, Sackie"]
[Black "Chung Hurtado, Yaleika"]
[Site "Budapest"]
[Round "2.44"]
[Result "1-0"]
[Date "2024.09.12"]
[WhiteElo "1688"]
[BlackElo "1832"]
[PlyCount "153"]
[EventDate "2024.09.11"]
[EventType "team-swiss"]
[EventRounds "11"]
[EventCountry "HUN"]
[SourceTitle "EXT 2025"]
[Source "ChessBase"]
[SourceDate "2024.10.14"]
[SourceVersion "1"]
[SourceVersionDate "2024.10.14"]
[SourceQuality "1"]
[WhiteTeam "Liberia (W)"]
[BlackTeam "Panama (W)"]
[WhiteTeamCountry "LBR"]
[BlackTeamCountry "PAN"]

1. d4 d5 2. c4 e6 3. Nc3 a6 4. cxd5 exd5 5. Nf3 c6 6. Bg5 Be7 7. Bxe7 Nxe7 8. e3 Qb6 9. Qc2 Bf5 10. Bd3 Bxd3 11. Qxd3 f5 12. Rb1 Nd7 13. b4 0-0 14. 0-0 Qc7 15. a4 Qd6 16. Ne2 Ng6 17. h4 Qf6 18. h5 Ne7 19. g3 h6 20. Kg2 Qf7 21. Nf4 g5 22. hxg6 Nxg6 23. Rh1 Nxf4+ 24. gxf4 Qg6+ 25. Kf1 Kf7 26. Nh4 Qh5 27. Qxf5+ Qxf5 28. Nxf5 Kg6 29. Ng3 Nb6 30. a5 Nc4 31. Kg2 Rae8 32. Rbe1 Nd6 33. Rh4 Nf5 34. Nxf5 Rxf5 35. Rg4+ Kh7 36. Kf3 Re4 37. Reg1 Rf7 38. Kg3 Re6 39. Kh4 Ref6 40. Rg8 Re7 41. R1g4 Rc7 42. Re8 Rff7 43. Rgg8 Rce7 44. Rh8+ Kg6 45. Rhg8+ Kf5 46. f3 Ke6 47. Kg3 Kd7 48. Rxe7+ Rxe7 49. Kf2 Rh7 50. f5 Ke7 51. e4 Kf7 52. Rd8 Ke7 53. Rb8 Kf6 54. Kg3 dxe4 55. fxe4 Rd7 56. Kf4 Rxd4 57. Rxb7 h5 58. Rc7 Rc4 59. Rh7 Rxb4 60. Rh6+ Kg7 61. Rxc6 h4 62. Rxa6 h3 63. Rg6+ Kf7 64. Rh6 Ra4 65. Rxh3 Rxa5 66. Rh7+ Kg8 67. Rb7 Ra4 68. f6 Ra1 69. Kf5 Rf1+ 70. Ke6 Rf2 71. e5 Rf3 72. Rg7+ Kf8 73. Rd7 Kg8 74. Ke7 Rf5 75. e6 Rf3 76. Rd8+ Kh7 77. f7 1-0

[Event "Caissa Guatemala Online"]
[White "Chung Hurtado, Yaleika"]
[Black "Bruzon Batista, Lazaro"]
[Site "Chess.com INT"]
[Round "1"]
[Result "0-1"]
[Date "2021.01.23"]
[WhiteElo "1706"]
[BlackElo "2639"]
[PlyCount "72"]
[EventDate "2021.01.23"]
[EventType "swiss (blitz)"]
[EventRounds "7"]
[EventCountry "GUA"]
[SourceTitle "CBM 200 Extra"]
[Source "ChessBase"]
[SourceDate "2021.03.31"]
[SourceVersion "1"]
[SourceVersionDate "2021.03.31"]
[SourceQuality "1"]

1. Nf3 Nf6 2. c4 g6 3. b4 Bg7 4. Bb2 0-0 5. g3 d6 6. Bg2 e5 7. d3 Nc6 8. b5 Ne7 9. 0-0 h6 10. Nc3 Be6 11. Nd2 Rb8 12. a4 Qd7 13. Re1 c5 14. Nce4 Nh7 15. e3 f5 16. Nc3 Nf6 17. Ne2 a5 18. Bc3 b6 19. Ra2 g5 20. f3 Ng6 21. Nf1 d5 22. cxd5 Nxd5 23. Rd2 Nxc3 24. Nxc3 Rbd8 25. Qe2 Qf7 26. e4 f4 27. Rc2 h5 28. Nd2 fxg3 29. hxg3 h4 30. Nf1 hxg3 31. Nxg3 Nf4 32. Qe3 Rxd3 33. Qc1 g4 34. Re3 c4 35. Nce2 Nxg2 36. Kxg2 gxf3+ 0-1

[Event "Caissa Guatemala Online"]
[White "Paniagua, Eric"]
[Black "Chung Hurtado, Yaleika"]
[Site "Chess.com INT"]
[Round "4"]
[Result "1-0"]
[Date "2021.01.23"]
[WhiteElo "1932"]
[BlackElo "1706"]
[PlyCount "73"]
[EventDate "2021.01.23"]
[EventType "swiss (blitz)"]
[EventRounds "7"]
[EventCountry "GUA"]
[SourceTitle "CBM 200 Extra"]
[Source "ChessBase"]
[SourceDate "2021.03.31"]
[SourceVersion "1"]
[SourceVersionDate "2021.03.31"]
[SourceQuality "1"]

1. e4 c6 2. d4 d5 3. Nc3 dxe4 4. Nxe4 Nf6 5. Nxf6+ exf6 6. c3 Bd6 7. Bd3 Na6 8. Qc2 g6 9. Ne2 Nc7 10. Bd2 Be6 11. c4 a5 12. h4 h5 13. 0-0-0 a4 14. Kb1 a3 15. b3 Qe7 16. c5 Nd5 17. cxd6 Qxd6 18. g3 Bg4 19. Rde1 Kf8 20. Nf4 Nb4 21. Bxb4 Qxb4 22. Bxg6 fxg6 23. Nxg6+ Kf7 24. Nxh8+ Rxh8 25. Qd3 Qd6 26. Re3 Qd5 27. Qc4 Rd8 28. Rhe1 Bf5+ 29. Kc1 Kg6 30. Qxd5 Rxd5 31. Re7 b5 32. Rc7 Rd6 33. Rd1 Bg4 34. Rd2 Kf5 35. f3 Bxf3 36. Rf2 Kg4 37. Rg7+ 1-0

[Event "Online Olym Div3 E"]
[White "Corrales Jimenez, Zenia"]
[Black "Chung Hurtado, Yaleika"]
[Site "Chess.com INT"]
[Round "6.3"]
[Result "1-0"]
[Date "2020.08.08"]
[WhiteElo "2234"]
[BlackElo "1706"]
[PlyCount "125"]
[EventDate "2020.08.07"]
[EventType "team-tourn (rapid)"]
[EventRounds "9"]
[EventCountry "USA"]
[SourceTitle "CBM 198"]
[Source "ChessBase"]
[SourceDate "2020.10.31"]
[SourceVersion "1"]
[SourceVersionDate "2020.10.31"]
[SourceQuality "1"]
[WhiteTeam "Mexico"]
[BlackTeam "Panama"]
[WhiteTeamCountry "MEX"]
[BlackTeamCountry "PAN"]

1. e4 e5 2. Nf3 Nf6 3. Nxe5 d6 4. Nf3 Nxe4 5. Nc3 Nf6 6. d4 Be7 7. h3 Nbd7 8. Bd3 0-0 9. 0-0 Re8 10. Bf4 b6 11. Ne2 Bb7 12. Ng3 Nd5 13. Bd2 Rb8 14. Nf5 Bf8 15. Bg5 f6 16. Bd2 Ne7 17. Ng3 Bd5 18. Nh4 Bf7 19. Qg4 Qc8 20. Rfe1 Kh8 21. Ngf5 Nxf5 22. Bxf5 Rxe1+ 23. Rxe1 Be8 24. Be6 c5 25. Bh6 Qc7 26. Nf5 Bg6 27. Nxg7 Bxg7 28. Bxg7+ Kxg7 29. Bxd7 Rf8 30. Re7+ Rf7 31. Rxf7+ Kxf7 32. Qe6+ Kg7 33. d5 c4 34. c3 Qc5 35. Qe7+ Kh6 36. Be6 Kg5 37. h4+ Kxh4 38. Qxf6+ Kh5 39. Qf4 Bd3 40. g4+ Kg6 41. Qf7+ Kg5 42. Qh5+ Kf4 43. Kg2 Bg6 44. Qh6+ Ke5 45. Qg5+ Ke4 46. Qd2 Ke5 47. Qg5+ Ke4 48. Qd2 Ke5 49. Kg3 Kf6 50. Qf4+ Kg7 51. g5 Qc7 52. Qd4+ Kf8 53. Qh8+ Ke7 54. Qf6+ Ke8 55. Qh8+ Ke7 56. Qg7+ Kd8 57. Qf8+ Be8 58. Qf6+ Qe7 59. f4 Qxf6 60. gxf6 Bg6 61. Kg4 a5 62. f5 Be8 63. f7 1-0

[Event "Caribbean-ch (Women)"]
[White "Chung Hurtado, Yaleika"]
[Black "Miranda Llanes, Yerisbel"]
[Site "Panama"]
[Round "4"]
[Result "0-1"]
[Date "2019.08.16"]
[WhiteElo "1769"]
[BlackElo "2314"]
[PlyCount "138"]
[EventDate "2019.08.14"]
[EventType "swiss"]
[EventRounds "9"]
[EventCountry "PAN"]
[SourceTitle "EXT 2020"]
[Source "ChessBase"]
[SourceDate "2019.10.17"]
[SourceVersion "1"]
[SourceVersionDate "2019.10.17"]
[SourceQuality "1"]

1. Nf3 d5 2. g3 Nf6 3. Bg2 c6 4. 0-0 Bg4 5. d3 e6 6. Qe1 Be7 7. Nbd2 0-0 8. e4 Nbd7 9. h3 dxe4 10. dxe4 Bh5 11. Nh4 Ne8 12. Nhf3 Bg6 13. Nc4 Bf6 14. c3 Nc5 15. Nfe5 Nd3 16. Nxd3 Qxd3 17. Na5 Qb5 18. Nb3 e5 19. Be3 Be7 20. f3 Nd6 21. Rf2 b6 22. Bf1 Qa4 23. Nd2 Rfd8 24. Qd1 Qxd1 25. Rxd1 f6 26. Nc4 Bf7 27. Nxd6 Rxd6 28. Rxd6 Bxd6 29. b3 Kf8 30. Rd2 Ke7 31. Kf2 b5 32. c4 a6 33. c5 Bc7 34. f4 a5 35. fxe5 fxe5 36. Bg5+ Ke8 37. h4 Be6 38. h5 h6 39. Be3 Ke7 40. Be2 a4 41. b4 a3 42. Bd1 Bc4 43. g4 Rf8+ 44. Kg2 Rd8 45. Rxd8 Bxd8 46. Bc1 Ke6 47. Bxa3 Bg5 48. Bb3 Bxb3 49. axb3 Bd2 50. Kf3 Kf6 51. Ke2 Bc3 52. Kf3 Kg5 53. Bc1+ Kh4 54. Ba3 Kh3 55. Bc1 Bxb4 56. Bb2 Bxc5 57. Bxe5 Bf8 58. Bf4 c5 59. e5 c4 60. bxc4 bxc4 61. e6 c3 62. g5 hxg5 63. Bxg5 c2 64. Bc1 Kh4 65. Kf4 Be7 66. Kf3 Bg5 67. Bb2 Kxh5 68. Ke2 Kg6 69. e7 Kf7 0-1

[Event "Olympiad Women-43"]
[White "Lubuuto, Bwalya Mulwale"]
[Black "Chung Hurtado, Yaleika"]
[Site "Batumi"]
[Round "9.2"]
[Result "0-1"]
[Date "2018.10.03"]
[WhiteElo "1607"]
[BlackElo "1736"]
[PlyCount "116"]
[EventDate "2018.09.24"]
[EventType "team-swiss"]
[EventRounds "11"]
[EventCountry "GEO"]
[SourceTitle "EXT 2020"]
[Source "ChessBase"]
[SourceDate "2019.10.17"]
[SourceVersion "1"]
[SourceVersionDate "2019.10.17"]
[SourceQuality "1"]
[WhiteTeam "Zambia (W)"]
[BlackTeam "Panama (W)"]
[WhiteTeamCountry "ZAM"]
[BlackTeamCountry "PAN"]

1. d4 d5 2. c4 c6 3. e3 Nf6 4. Nf3 Bf5 5. Nc3 e6 6. cxd5 exd5 7. Be2 Bd6 8. a3 Nbd7 9. b4 a6 10. Bb2 h6 11. 0-0 0-0 12. Qb3 Qe7 13. Rac1 Ne4 14. Nxe4 Bxe4 15. Ne1 Kh8 16. Bd3 f5 17. f3 Bxd3 18. Qxd3 Rae8 19. Nc2 Nb6 20. Rce1 Qh4 21. g3 Bxg3 22. Re2 Bd6 23. Bc3 Qf6 24. Rff2 Qe7 25. Rg2 Qf7 26. Bd2 Re6 27. Ne1 Nc4 28. Bc1 Rfe8 29. Rgf2 Qh5 30. f4 Be7 31. Nf3 Nd6 32. Ne5 Ne4 33. Rf1 Bd6 34. Rg2 Bxe5 35. fxe5 Rg6 36. Qd1 Rxg2+ 37. Kxg2 Qxd1 38. Rxd1 g6 39. a4 Nc3 40. Rg1 Nxa4 41. Kf3 Kh7 42. Bd2 Nb2 43. Bc3 Nc4 44. h4 Rf8 45. Be1 Kg7 46. Kf4 b6 47. Bc3 a5 48. Ra1 Ra8 49. bxa5 bxa5 50. Ra4 Kf7 51. Bb4 Ke6 52. Ra2 Ra7 53. Ra4 Nb2 54. Rxa5 Rxa5 55. Bxa5 Nd3+ 56. Kf3 c5 57. dxc5 Nxc5 58. Bc3 Nd3 0-1

[Event "Olympiad Women-43"]
[White "Chung Hurtado, Yaleika"]
[Black "Mission, Baby Edna"]
[Site "Batumi"]
[Round "8.2"]
[Result "1-0"]
[Date "2018.10.02"]
[WhiteElo "1736"]
[BlackElo "1475"]
[PlyCount "53"]
[EventDate "2018.09.24"]
[EventType "team-swiss"]
[EventRounds "11"]
[EventCountry "GEO"]
[SourceTitle "EXT 2020"]
[Source "ChessBase"]
[SourceDate "2019.10.17"]
[SourceVersion "1"]
[SourceVersionDate "2019.10.17"]
[SourceQuality "1"]
[WhiteTeam "Panama (W)"]
[BlackTeam "Palau (W)"]
[WhiteTeamCountry "PAN"]
[BlackTeamCountry "PAL"]

1. d4 d5 2. Nf3 e6 3. c4 Nf6 4. Nc3 Bb4 5. Qb3 a5 6. a3 Be7 7. Bf4 0-0 8. e3 Nbd7 9. cxd5 Nb6 10. dxe6 Bxe6 11. Qc2 Nbd5 12. Bg3 Qd7 13. Bd3 g6 14. e4 Nxc3 15. bxc3 Nh5 16. d5 Bg4 17. Ne5 Qc8 18. Nxg4 Nxg3 19. Nh6+ Kh8 20. hxg3 Bg5 21. f4 Bxh6 22. Rxh6 f5 23. e5 Qd7 24. c4 b6 25. Qc3 Kg8 26. Ke2 Qg7 27. Rah1 1-0

[Event "Olympiad Women-43"]
[White "Shabanaj, Alda"]
[Black "Chung Hurtado, Yaleika"]
[Site "Batumi"]
[Round "5.42"]
[Result "1/2-1/2"]
[Date "2018.09.28"]
[WhiteElo "1853"]
[BlackElo "1736"]
[PlyCount "64"]
[EventDate "2018.09.24"]
[EventType "team-swiss"]
[EventRounds "11"]
[EventCountry "GEO"]
[SourceTitle "EXT 2020"]
[Source "ChessBase"]
[SourceDate "2019.10.17"]
[SourceVersion "1"]
[SourceVersionDate "2019.10.17"]
[SourceQuality "1"]
[WhiteTeam "Albania (W)"]
[BlackTeam "Panama (W)"]
[WhiteTeamCountry "ALB"]
[BlackTeamCountry "PAN"]

1. d4 d5 2. c4 c6 3. cxd5 cxd5 4. Nc3 Nc6 5. Bf4 e5 6. dxe5 d4 7. Ne4 Bf5 8. Nd6+ Bxd6 9. exd6 Nf6 10. Nf3 Qa5+ 11. Qd2 Qxd2+ 12. Nxd2 Nd5 13. e4 dxe3 14. fxe3 Nxf4 15. exf4 0-0-0 16. Kf2 Rxd6 17. Nf3 Rhd8 18. Bc4 f6 19. Rac1 Kb8 20. Rhe1 Bg4 21. Kg3 Bxf3 22. gxf3 Rd2 23. b4 Nxb4 24. Rb1 Nc6 25. Bb5 Kc7 26. a4 R2d7 27. a5 a6 28. Bxc6 bxc6 29. Rb6 Ra8 30. Re6 Rd6 31. Re7+ Rd7 32. Re6 Rd6 1/2-1/2

[Event "Olympiad Women-43"]
[White "Chung Hurtado, Yaleika"]
[Black "Lanchava, Tea"]
[Site "Batumi"]
[Round "1.15"]
[Result "0-1"]
[Date "2018.09.24"]
[WhiteElo "1736"]
[BlackElo "2339"]
[PlyCount "78"]
[EventDate "2018.09.24"]
[EventType "team-swiss"]
[EventRounds "11"]
[EventCountry "GEO"]
[SourceTitle "EXT 2020"]
[Source "ChessBase"]
[SourceDate "2019.10.17"]
[SourceVersion "1"]
[SourceVersionDate "2019.10.17"]
[SourceQuality "1"]
[WhiteTeam "Panama (W)"]
[BlackTeam "Netherlands (W)"]
[WhiteTeamCountry "PAN"]
[BlackTeamCountry "NED"]

1. d4 d6 2. c4 e5 3. dxe5 dxe5 4. Qxd8+ Kxd8 5. a3 Be6 6. e3 Nd7 7. Nc3 Nc5 8. Nf3 Nb3 9. Rb1 f6 10. Nd2 Nxc1 11. Rxc1 c6 12. Be2 Nh6 13. 0-0 Nf7 14. Rfd1 Ke8 15. h3 Be7 16. Na4 b6 17. b4 f5 18. c5 b5 19. Nc3 Bf6 20. e4 g6 21. Rb1 Ke7 22. Nb3 Rhd8 23. Na5 Rac8 24. Bf3 Ng5 25. Rxd8 Kxd8 26. Rd1+ Ke7 27. Kh2 Bd7 28. Nb7 Rc7 29. Nd6 a5 30. Rd2 Ra7 31. Rb2 axb4 32. axb4 Ra3 33. Rc2 Rb3 34. exf5 Nxf3+ 35. gxf3 gxf5 36. Na2 Rxf3 37. Kg2 e4 38. Re2 Ra3 39. f3 Be6 0-1

[Event "Olympiad Women-42"]
[White "Chung Hurtado, Yaleika"]
[Black "Namaganda, Christine"]
[Site "Baku"]
[Round "9.4"]
[Result "1/2-1/2"]
[Date "2016.09.11"]
[WhiteElo "1797"]
[BlackElo "1555"]
[PlyCount "79"]
[EventDate "2016.09.02"]
[EventType "team-swiss"]
[EventRounds "11"]
[EventCountry "AZE"]
[SourceTitle "CBM 174 Extra"]
[Source "ChessBase"]
[SourceDate "2016.10.10"]
[SourceVersion "1"]
[SourceVersionDate "2016.10.10"]
[SourceQuality "1"]
[WhiteTeam "Panama (W)"]
[BlackTeam "Uganda (W)"]
[WhiteTeamCountry "PAN"]
[BlackTeamCountry "UGA"]

1. d4 Nf6 2. c4 g6 3. Nc3 Bg7 4. e4 d6 5. f3 c6 6. Be3 0-0 7. Bd3 Nbd7 8. Nh3 a6 9. Qd2 Re8 10. Nf2 Rb8 11. h4 b5 12. cxb5 axb5 13. a3 Nb6 14. g4 Nc4 15. Bxc4 bxc4 16. Rb1 Qa5 17. Na2 Qa7 18. Nb4 Qb7 19. 0-0 Qc7 20. Qc2 d5 21. e5 Nd7 22. f4 e6 23. Kg2 c5 24. dxc5 Nxc5 25. Rbc1 Na6 26. Nfd3 Qb7 27. Nc5 Nxb4 28. Qa4 Qb5 29. Qxb5 Rxb5 30. axb4 Rxb4 31. Rf2 Bb7 32. Nxb7 Rxb7 33. Ra1 Reb8 34. Bd4 Bf8 35. f5 Be7 36. fxe6 Bxh4 37. exf7+ Rxf7 38. Rxf7 Kxf7 39. Rf1+ Ke6 40. Rh1 1/2-1/2

[Event "Olympiad Women-42"]
[White "Chung Hurtado, Yaleika"]
[Black "Blagojevic, Lidija"]
[Site "Baku"]
[Round "5.4"]
[Result "0-1"]
[Date "2016.09.06"]
[WhiteElo "1797"]
[BlackElo "1957"]
[PlyCount "66"]
[EventDate "2016.09.02"]
[EventType "team-swiss"]
[EventRounds "11"]
[EventCountry "AZE"]
[SourceTitle "CBM 174 Extra"]
[Source "ChessBase"]
[SourceDate "2016.10.10"]
[SourceVersion "1"]
[SourceVersionDate "2016.10.10"]
[SourceQuality "1"]
[WhiteTeam "Panama (W)"]
[BlackTeam "Montenegro (W)"]
[WhiteTeamCountry "PAN"]
[BlackTeamCountry "MNE"]

1. d4 d6 2. Nf3 Nf6 3. b3 Nbd7 4. Bb2 e6 5. g3 Be7 6. Bg2 0-0 7. 0-0 Re8 8. c4 Rb8 9. Nc3 d5 10. Ne5 c6 11. a4 Nxe5 12. dxe5 Nd7 13. cxd5 exd5 14. Kh1 Bb4 15. f4 Qa5 16. Na2 Bf8 17. Bc3 Qd8 18. Be1 f6 19. exf6 Nxf6 20. h3 Qe7 21. Nc3 Qf7 22. Bf2 Qh5 23. h4 b6 24. Bd4 Bg4 25. Be5 Rbd8 26. Bf3 Ne4 27. Nxe4 dxe4 28. Bxg4 Qxg4 29. Qe1 Qh3+ 30. Kg1 Bc5+ 31. e3 Rd3 32. Bd4 Bxd4 33. exd4 Rxg3+ 0-1

[Event "Olympiad Women-42"]
[White "Chung Hurtado, Yaleika"]
[Black "Moraga, Maria"]
[Site "Baku"]
[Round "4.43"]
[Result "0-1"]
[Date "2016.09.05"]
[WhiteElo "1797"]
[BlackElo "1732"]
[PlyCount "100"]
[EventDate "2016.09.02"]
[EventType "team-swiss"]
[EventRounds "11"]
[EventCountry "AZE"]
[SourceTitle "CBM 174 Extra"]
[Source "ChessBase"]
[SourceDate "2016.10.10"]
[SourceVersion "1"]
[SourceVersionDate "2016.10.10"]
[SourceQuality "1"]
[WhiteTeam "Panama (W)"]
[BlackTeam "Nicaragua (W)"]
[WhiteTeamCountry "PAN"]
[BlackTeamCountry "NCA"]

1. d4 d5 2. Nf3 Bf5 3. Bf4 e6 4. e3 Nf6 5. Bd3 Bxd3 6. cxd3 Bd6 7. Ne5 Bxe5 8. Bxe5 Nc6 9. Bg3 Qe7 10. a3 0-0 11. 0-0 e5 12. dxe5 Nxe5 13. b4 Rfe8 14. h3 Qd7 15. d4 Nc4 16. Nd2 Nxd2 17. Qxd2 Ne4 18. Qd3 Nxg3 19. fxg3 Re4 20. Rf3 Rae8 21. Raf1 R8e7 22. Rc1 R7e6 23. b5 a6 24. bxa6 Rxa6 25. Qb3 Rb6 26. Qa2 c6 27. Rb1 Rxb1+ 28. Qxb1 Re8 29. Qc2 Ra8 30. e4 dxe4 31. Qxe4 Re8 32. Qf4 b5 33. Re3 Rxe3 34. Qxe3 Qe6 35. Kf2 Kf8 36. Kf3 Ke7 37. g4 Kd6 38. Qe4 h6 39. g3 Qb3+ 40. Kf4 g5+ 41. Kf5 Qd5+ 42. Qxd5+ Kxd5 43. h4 Kxd4 44. hxg5 hxg5 45. Kxg5 c5 46. Kf6 c4 47. g5 c3 48. Kxf7 c2 49. g6 c1Q 50. g7 Qc7+ 0-1

[Event "Managua Sub zt 2.3.2 (Women)"]
[White "Ramirez Gonzalez, Maria Jose"]
[Black "Chung Hurtado, Yaleika"]
[Site "Managua"]
[Round "2"]
[Result "0-1"]
[Date "2014.04.28"]
[WhiteElo "1792"]
[BlackElo "1764"]
[PlyCount "35"]
[EventDate "2014.04.27"]
[EventType "swiss"]
[EventRounds "9"]
[EventCountry "NCA"]
[SourceTitle "EXT 2016"]
[Source "ChessBase"]
[SourceDate "2015.10.08"]
[SourceVersion "1"]
[SourceVersionDate "2015.10.08"]
[SourceQuality "1"]

1. d4 d5 2. Nf3 Nf6 3. Bf4 c5 4. c3 Qb6 5. Qb3 Nc6 6. e3 c4 7. Qxb6 axb6 8. h3 Bf5 9. Nbd2 b5 10. Ne5 Nd7 11. Nxd7 Kxd7 12. f3 e6 13. e4 Bg6 14. Be2 b4 15. Nxc4 dxc4 16. cxb4 Ra6 17. d5 exd5 18. exd5 0-1